banner koha

Base temperature, thermal time and phyllochron of escarole cultivation (Registro n. 255537)

MARC details
000 -LÍDER
campo de controle de tamanho fixo 01009nas a2200337 4500
001 - NÚMERO DE CONTROLE
campo de controle BR2019000323
003 - IDENTIFICADOR DO NÚMERO DE CONTROLE
campo de controle BR-BrBNA
005 - DATA E HORÁRIO DA ÚLTIMA TRANSAÇÃO
campo de controle 20231205131557.0
007 - CAMPO FIXO DE DESCRIÇÃO FÍSICA--INFORMAÇÃO GERAL
campo de controle de tamanho fixo ta
008 - CAMPO DE DADOS FIXOS--INFORMAÇÃO GERAL
campo de controle de tamanho fixo 230509b bl.|||p| |||| 00| 00por d
040 ## - FONTE DA CATALOGAÇÃO
Instituição da catalogação original BR-BrBNA
Idioma da catalogação por
Instituição que transcreveu o registro Biblioteca Nacional de Agricultura
041 ## - CÓDIGO DE IDIOMA
Código do idioma do texto/trilha sonora ou título diferente (En)
072 ## - CÓDIGO DE CATEGORIA DE ASSUNTO
Código de Categoria de Assunto F40; F01
100 1# - ENTRADA PRINCIPAL--NOME PESSOAL
Nome pessoal Schmidt, D.
100 1# - ENTRADA PRINCIPAL--NOME PESSOAL
Nome pessoal Caron, B.O.
100 1# - ENTRADA PRINCIPAL--NOME PESSOAL
Nome pessoal Valera, O.
100 1# - ENTRADA PRINCIPAL--NOME PESSOAL
Nome pessoal Meira, D.
100 1# - ENTRADA PRINCIPAL--NOME PESSOAL
Nome pessoal Fontana, D.C.
100 1# - ENTRADA PRINCIPAL--NOME PESSOAL
Nome pessoal Zanatta, T.P.
100 1# - ENTRADA PRINCIPAL--NOME PESSOAL
Nome pessoal Werner, C.J.
100 1# - ENTRADA PRINCIPAL--NOME PESSOAL
Nome pessoal Brezolin, P.
245 1# - TÍTULO
Título Base temperature, thermal time and phyllochron of escarole cultivation
650 ## - ASSUNTO--TERMO TÓPICO
Cabeçalho tópico ou nome geográfico ENDÍVIA
650 ## - ASSUNTO--TERMO TÓPICO
Cabeçalho tópico ou nome geográfico CRESCIMENTO
650 ## - ASSUNTO--TERMO TÓPICO
Cabeçalho tópico ou nome geográfico FENOLOGIA
650 ## - ASSUNTO--TERMO TÓPICO
Cabeçalho tópico ou nome geográfico CONDIÇÃO AMBIENTAL
773 0# - ENTRADA ANALÍTICA
Título Horticultura Brasileira (Brazil)
ISSN - International Standard Serial Number ISSN 1806-9991
Partes relacionadas (Oct-Dec 2018), v. 36(4) p. 466-472
Número de controle do registro BR2019000323
856 40 - LOCALIZAÇÃO ELETRÔNICA E ACESSO
Uniform Resource Identifier <a href="http://www.scielo.br/pdf/hb/v36n4/1806-9991-hb-36-04-466.pdf">http://www.scielo.br/pdf/hb/v36n4/1806-9991-hb-36-04-466.pdf</a>
909 ## -
-- 202311
-- Lúcia
-- 55
-- Lúcia Elande
942 ## - ELEMENTOS DE ENTRADA ADICIONADOS (KOHA)
Fonte da classificação ou esquema de arquivamento na estante Classificação AGRIS
Ocultar no OPAC Não
Tipo de material Koha Analítica
Exemplares
Situação do descarte Fonte da classificação ou esquema de arquivamento na estante Situação física Não pode ser emprestado Biblioteca de origem Biblioteca atual Localização na estante Enumeração do periódico / cronologia Total de empréstimos Data de último acesso Número do exemplar Tipo de material Koha Fonte de aquisição
  Classificação AGRIS   Consulta local Biblioteca Nacional de Agricultura - Binagri Biblioteca Nacional de Agricultura - Binagri   (Oct-Dec 2018), v. 36(4) p. 466-472   29/11/2023 01 Periódicos Portaria Interministerial nº 164/94

BINAGRI

Telefone: (61)3218-2567/2388/3357/2097 - binagri@agro.gov.br

Ministério da Agricultura e Pecuária , Esplanada dos Ministérios, Bloco D, Anexo B, Brasília/DF, CEP: 70.043-900